00439cam a2200157ua 4500001000400000008003900004040000900043082001200052245006300064250000900127260003300136300002500169653002300194653004900217700001500266744110419n ii |||gr||||Z||||||eng cMAIN a352.0731 aLocal self govt. in United States of America.cBy B C Rai. a1st. aLuchnow.:bprakashan kendra. avii, 256 p.:c20 cm. aPolitical science. aLocal self govt. in United State of America.1 aRai, B C.,